000 00280nam a22001337a 4500
008 170907b xxu||||| |||| 00| 0 eng d
020 _a9780691007427
041 _aeng
080 _a721
100 _a41
101 _aNDI
245 _aCITY MAKING
_cFRUG, G.E
942 _2udc
_cBK
999 _c26544
_d26544